[Event "Ekaterinburg Scerbin Memorial Blitz"]
[Site "Ekaterinburg"]
[Date "2024.01.12"]
[Round "1"]
[White "Tsydypov, Zhamsaran"]
[Black "Valdas, Artur"]
[Result "1-0"]
[WhiteElo "2522"]
[BlackElo "1527"]
[PlyCount "55"]
[EventDate "2024.01.12"]
[EventType "swiss (blitz)"]
[EventRounds "13"]
[EventCountry "RUS"]
[SourceTitle "CB03_2024"]
[SourceDate "2024.01.17"]
[SourceVersion "1"]
[SourceVersionDate "2024.01.17"]
[SourceQuality "1"]

1. d4 d5 2. Nf3 Nf6 3. Bf4 c5 4. e3 e6 5. c3 Nc6 6. Bd3 cxd4 7. exd4 Bd6 8. Bg3 0-0 9. 0-0 Bxg3 10. hxg3 a6 11. Nbd2 b5 12. b4 Qd6 13. Re1 Bd7 14. Ne5 Rfc8 15. Nb3 Be8 16. Nc5 Qe7 17. Nf3 Nd7 18. a4 Nxc5 19. dxc5 bxa4 20. Rxa4 Nb8 21. Ra2 Qb7 22. Bxh7+ Kxh7 23. Ng5+ Kg8 24. Qh5 Kf8 25. Qh8+ Ke7 26. Rxe6+ fxe6 27. Qxg7+ Kd8 28. Nxe6# 1-0

[Event "Wch Blitz"]
[Site "Samarkand"]
[Date "2023.12.30"]
[Round "13"]
[White "Tsydypov, Zhamsaran"]
[Black "Andreikin, Dmitry"]
[Result "1/2-1/2"]
[WhiteElo "2530"]
[BlackElo "2729"]
[PlyCount "77"]
[EventDate "2023.12.29"]
[EventType "swiss (blitz)"]
[EventRounds "21"]
[EventCountry "UZB"]
[SourceTitle "CB01_2024"]
[SourceDate "2024.01.03"]
[SourceVersion "1"]
[SourceVersionDate "2024.01.03"]
[SourceQuality "1"]

1. e4 e5 2. Nf3 Nf6 3. Nxe5 d6 4. Nf3 Nxe4 5. Nc3 Nxc3 6. dxc3 Be7 7. Be3 Nd7 8. Bd3 Nf6 9. Qe2 0-0 10. 0-0-0 c5 11. Kb1 Qa5 12. Bxc5 dxc5 13. Qxe7 Be6 14. c4 Rfe8 15. Qd6 Rad8 16. Qf4 b5 17. Ne5 Rd4 18. Qf3 bxc4 19. Nc6 Qb6 20. Nxd4 cxd4 21. Bf5 c3 22. b3 Qb4 23. Qf4 Bxf5 24. Rxd4 Qa3 25. Qc1 Qa5 26. Ra4 Qc5 27. Rc4 Qxf2 28. Rxc3 Ne4 29. Rc7 Qxg2 30. Rxa7 Rc8 31. Ka1 h6 32. Rg1 Qxh2 33. c4 Rd8 34. Ra5 Bg6 35. Rd1 Rxd1 36. Qxd1 Qf2 37. Qc1 h5 38. Rd5 h4 39. Rd3 1/2-1/2

[Event "Wch Blitz"]
[Site "Samarkand"]
[Date "2023.12.29"]
[Round "9"]
[White "Vachier Lagrave, Maxime"]
[Black "Tsydypov, Zhamsaran"]
[Result "1-0"]
[WhiteElo "2731"]
[BlackElo "2530"]
[PlyCount "109"]
[EventDate "2023.12.29"]
[EventType "swiss (blitz)"]
[EventRounds "21"]
[EventCountry "UZB"]
[SourceTitle "CB01_2024"]
[SourceDate "2024.01.03"]
[SourceVersion "1"]
[SourceVersionDate "2024.01.03"]
[SourceQuality "1"]

1. e4 c5 2. Nf3 d6 3. d4 cxd4 4. Nxd4 Nf6 5. Nc3 a6 6. Bd3 g6 7. f3 Bg7 8. Be3 0-0 9. Qd2 Nc6 10. 0-0-0 d5 11. Nxc6 bxc6 12. Bh6 Rb8 13. Bxg7 Kxg7 14. Kb1 Qb6 15. b3 e5 16. h4 h5 17. g4 Be6 18. g5 Nd7 19. f4 exf4 20. exd5 cxd5 21. Qxf4 Qc5 22. Na4 Qa5 23. Qd4+ Kh7 24. a3 Rfc8 25. Rhe1 Rc6 26. Re3 Nc5 27. Nxc5 Qxc5 28. Qxc5 Rxc5 29. Kb2 a5 30. Rf1 Kg7 31. Rf4 Rc6 32. Ra4 Rc5 33. Rd4 Rb6 34. c3 Rb8 35. b4 axb4 36. cxb4 Ra5 37. Bc2 Rab5 38. Ba4 R5b6 39. Bb3 R8b7 40. Red3 Bf5 41. Rd2 Re7 42. a4 Rb8 43. b5 Be4 44. Bxd5 Bxd5 45. Rxd5 Re4 46. R5d4 Re6 47. Rb4 Kf8 48. Rd3 Re2+ 49. Ka3 Re1 50. b6 Ke7 51. b7 Rc1 52. Kb2 Rc5 53. Rdb3 Ke6 54. Rb5 Rc4 55. a5 1-0

[Event "Wch Rapid"]
[Site "Samarkand"]
[Date "2023.12.26"]
[Round "5"]
[White "Amangeldy, Ernur"]
[Black "Tsydypov, Zhamsaran"]
[Result "1-0"]
[WhiteElo "2134"]
[BlackElo "2530"]
[PlyCount "91"]
[EventDate "2023.12.26"]
[EventType "swiss (rapid)"]
[EventRounds "13"]
[EventCountry "UZB"]
[SourceTitle "CB01_2024"]
[SourceDate "2024.01.03"]
[SourceVersion "1"]
[SourceVersionDate "2024.01.03"]
[SourceQuality "1"]

1. d4 Nf6 2. c4 e6 3. Nf3 d5 4. g3 Bb4+ 5. Bd2 Be7 6. Bg2 0-0 7. 0-0 a5 8. Qc2 Nbd7 9. Bf4 c6 10. h4 Ne4 11. Nbd2 f5 12. Ne5 Ndf6 13. Nxe4 Nxe4 14. f3 Nf6 15. Nd3 Nh5 16. Be5 Bf6 17. g4 Bxe5 18. Nxe5 Ng3 19. g5 Nxf1 20. Rxf1 dxc4 21. Qxc4 Qd5 22. f4 Qxc4 23. Nxc4 Rd8 24. e3 Bd7 25. Rc1 Be8 26. Kf2 a4 27. a3 Bh5 28. Ne5 Ra5 29. Ke1 Rb5 30. Nd3 Kf8 31. Rc4 Ra8 32. Rc2 Ke7 33. Nc5 Rb6 34. Kd2 h6 35. Kc1 hxg5 36. hxg5 Bf7 37. Bf1 e5 38. dxe5 Rh8 39. Bd3 Bb3 40. Re2 Rh1+ 41. Kd2 Bd1 42. Re1 Rxe1 43. Kxe1 Bf3 44. Nxa4 Rb3 45. Kd2 Be4 46. Bc4 1-0

[Event "RUS Cup final"]
[Site "Khanty-Mansiysk"]
[Date "2023.12.06"]
[Round "1.5"]
[White "Shubin, Kirill"]
[Black "Tsydypov, Zhamsaran"]
[Result "1/2-1/2"]
[WhiteElo "2456"]
[BlackElo "2530"]
[PlyCount "144"]
[EventDate "2023.12.05"]
[EventType "k.o."]
[EventRounds "4"]
[EventCountry "RUS"]
[SourceTitle "CB50_2023"]
[SourceDate "2023.12.13"]
[SourceVersion "1"]
[SourceVersionDate "2023.12.13"]
[SourceQuality "1"]

1. e4 c6 2. d4 d5 3. exd5 cxd5 4. Bd3 Nc6 5. c3 g6 6. Bf4 Bg7 7. Nf3 Nf6 8. 0-0 0-0 9. Nbd2 Bf5 10. Bxf5 gxf5 11. Ne5 Ne4 12. Nd3 e6 13. Re1 Kh8 14. Re3 f6 15. Rh3 Qe8 16. f3 e5 17. Bh6 Ng5 18. Bxg7+ Kxg7 19. Rh4 Ne6 20. Nf1 f4 21. Qe2 Ng5 22. Re1 exd4 23. Qf2 Qd7 24. cxd4 Rae8 25. Rxe8 Rxe8 26. Nxf4 Qf5 27. Nh5+ Kh8 28. Rf4 Qg6 29. Nhg3 Nb4 30. Qd2 Nc6 31. h4 Ne6 32. Rg4 Qf7 33. Nf5 Qf8 34. N1e3 Nc7 35. h5 Rd8 36. h6 Ne6 37. Ng7 Ng5 38. Rxg5 fxg5 39. Ne6 Qxh6 40. Nxd8 Nxd8 41. Nxd5 Ne6 42. Ne3 Nf4 43. d5 Qd6 44. a4 Kg8 45. g3 Ng6 46. Nf5 Qe5 47. d6 Qc5+ 48. Kg2 Qc8 49. d7 Qd8 50. Qd5+ Kf8 51. Qd6+ Kf7 52. a5 Nf8 53. Nh6+ Kg7 54. Nf5+ Kf7 55. Qd5+ Kf6 56. Nd4 Qxd7 57. Qe4 Ng6 58. f4 gxf4 59. Nf3 fxg3 60. Qc2 Qd6 61. Qc3+ Ke7 62. Qg7+ Kd8 63. Qg8+ Kc7 64. Qxh7+ Ne7 65. Qc2+ Nc6 66. Qc3 a6 67. Qg7+ Kb8 68. Qc3 Qc7 69. b4 Qd6 70. Qg7 Qxb4 71. Qxg3+ Ka7 72. Qf2+ Kb8 1/2-1/2

[Event "RUS Cup final"]
[Site "Khanty-Mansiysk"]
[Date "2023.12.05"]
[Round "1.1"]
[White "Tsydypov, Zhamsaran"]
[Black "Shubin, Kirill"]
[Result "0-1"]
[WhiteElo "2530"]
[BlackElo "2456"]
[PlyCount "102"]
[EventDate "2023.12.05"]
[EventType "k.o."]
[EventRounds "4"]
[EventCountry "RUS"]
[SourceTitle "CB50_2023"]
[SourceDate "2023.12.13"]
[SourceVersion "1"]
[SourceVersionDate "2023.12.13"]
[SourceQuality "1"]

1. e4 e6 2. d4 d5 3. Nc3 Nf6 4. Bg5 h6 5. Bxf6 Qxf6 6. exd5 Bb4 7. Bb5+ Bd7 8. Bxd7+ Nxd7 9. dxe6 Qxe6+ 10. Qe2 Bxc3+ 11. bxc3 Qxe2+ 12. Nxe2 0-0-0 13. 0-0-0 Nb6 14. Nf4 Rd6 15. Rhe1 Rhd8 16. Re7 Rf6 17. Re4 Na4 18. Rd3 g5 19. Ne2 Rxf2 20. Rf3 Rxg2 21. Rxf7 Nb6 22. h3 Rh2 23. Ree7 Nd5 24. Re5 Rxh3 25. c4 Nb6 26. Rc5 c6 27. Re7 Rh2 28. c3 Rf8 29. d5 Rff2 30. Kd2 Kd8 31. Re4 cxd5 32. cxd5 g4 33. Ke1 Rfg2 34. d6 g3 35. Rf5 Nc4 36. Nxg3 Rxg3 37. Rxc4 Rxa2 38. Kf1 Rd3 39. Rd4 Rxd4 40. cxd4 Rb2 41. Ke1 Kd7 42. Rf6 Rb4 43. Rxh6 Rxd4 44. Rh7+ Kc6 45. Rc7+ Kb6 46. Rd7 a5 47. Ke2 a4 48. Ke3 Rd1 49. Rd8 Ka7 50. Ke2 a3 51. Kxd1 a2 0-1

[Event "Khanty-Mansiysk TOP 28 Blitz GP"]
[Site "Khanty-Mansiysk"]
[Date "2023.12.04"]
[Round "10"]
[White "Iljiushenok, Ilia"]
[Black "Tsydypov, Zhamsaran"]
[Result "0-1"]
[WhiteElo "2547"]
[BlackElo "2530"]
[PlyCount "76"]
[EventDate "2023.12.04"]
[EventType "tourn (blitz)"]
[EventRounds "13"]
[EventCountry "RUS"]
[EventCategory "10"]
[SourceTitle "CB49_2023"]
[SourceDate "2023.12.06"]
[SourceVersion "1"]
[SourceVersionDate "2023.12.06"]
[SourceQuality "1"]

1. e4 g6 2. d4 Bg7 3. c4 d6 4. Nc3 Nf6 5. Be2 0-0 6. Nf3 Bg4 7. Be3 Bxf3 8. Bxf3 Nfd7 9. Be2 Nc6 10. d5 Na5 11. Rc1 c5 12. dxc6 bxc6 13. Qd2 c5 14. 0-0 Nc6 15. b3 Re8 16. Rfd1 Rb8 17. Bf1 a6 18. h3 Nd4 19. Ne2 e5 20. Nc3 f5 21. exf5 gxf5 22. Nd5 Re6 23. f4 Rg6 24. Kh1 Kh8 25. Qf2 Qf8 26. g3 Qf7 27. Bg2 Rg8 28. Qe1 Bh6 29. Bf2 exf4 30. Rxd4 fxg3 31. Bg1 cxd4 32. Bxd4+ Bg7 33. Qc3 Bxd4 34. Qxd4+ Qg7 35. Qh4 Ne5 36. Rf1 Rf8 37. Qf4 Nd3 38. Qxd6 Rxd6 0-1

[Event "Khanty-Mansiysk TOP 28 Rapid GP"]
[Site "Khanty-Mansiysk"]
[Date "2023.12.03"]
[Round "13"]
[White "Zakhartsov, Vladimir"]
[Black "Tsydypov, Zhamsaran"]
[Result "1/2-1/2"]
[WhiteElo "2525"]
[BlackElo "2548"]
[PlyCount "98"]
[EventDate "2023.12.01"]
[EventType "tourn (rapid)"]
[EventRounds "13"]
[EventCountry "RUS"]
[EventCategory "10"]
[SourceTitle "CB49_2023"]
[SourceDate "2023.12.06"]
[SourceVersion "1"]
[SourceVersionDate "2023.12.06"]
[SourceQuality "1"]

1. e4 c5 2. Nf3 Nc6 3. d4 cxd4 4. Nxd4 e6 5. Nc3 a6 6. Nxc6 bxc6 7. Bd3 d5 8. 0-0 Nf6 9. Re1 Qc7 10. e5 Nd7 11. Bf4 Rb8 12. Rb1 Be7 13. Qh5 Rb4 14. Bd2 g6 15. Qe2 0-0 16. a3 Rb8 17. Bf4 Nc5 18. Qd2 Nd7 19. Bg3 Bb7 20. h4 c5 21. h5 c4 22. Bf1 Nc5 23. Bf4 Rbd8 24. Be3 f6 25. Bd4 fxe5 26. Bxe5 Bd6 27. Bxd6 Qxd6 28. Rbd1 Qf4 29. Qxf4 Rxf4 30. hxg6 hxg6 31. Ne2 Rf6 32. Nd4 Re8 33. Re5 Nd7 34. Re3 e5 35. Nf3 Rf7 36. g3 Ref8 37. Nxe5 Nxe5 38. Rxe5 Rxf2 39. Re7 Ba8 40. Bg2 Rxc2 41. Ra7 Kh8 42. Rd4 g5 43. Bxd5 Bxd5 44. Rxd5 Re8 45. Kf1 Rxb2 46. Rxg5 c3 47. Rxa6 Rh2 48. Kg1 Ree2 49. Rc5 Rhg2+ 1/2-1/2

[Event "Khanty-Mansiysk TOP 28 Rapid GP"]
[Site "Khanty-Mansiysk"]
[Date "2023.12.01"]
[Round "3"]
[White "Tsydypov, Zhamsaran"]
[Black "Vastrukhin, Oleg"]
[Result "1-0"]
[WhiteElo "2548"]
[BlackElo "2343"]
[PlyCount "67"]
[EventDate "2023.12.01"]
[EventType "tourn (rapid)"]
[EventRounds "13"]
[EventCountry "RUS"]
[EventCategory "10"]
[SourceTitle "CB49_2023"]
[SourceDate "2023.12.06"]
[SourceVersion "1"]
[SourceVersionDate "2023.12.06"]
[SourceQuality "1"]

1. d4 g6 2. c4 Bg7 3. Nc3 d6 4. e4 e5 5. d5 a5 6. c5 dxc5 7. Be3 b6 8. Bb5+ Bd7 9. Nf3 Ne7 10. h4 Nc8 11. h5 Nd6 12. Be2 f5 13. exf5 gxf5 14. h6 Bf6 15. g3 0-0 16. Qc2 Be8 17. Nh4 Bg6 18. f4 Nd7 19. 0-0-0 Qe7 20. Nb5 exf4 21. Bxf4 Ne5 22. Nxd6 cxd6 23. Nxf5 Bxf5 24. Qxf5 Ng6 25. Qe6+ Qxe6 26. dxe6 Nxf4 27. gxf4 Bd4 28. Rxd4 cxd4 29. Rg1+ Kh8 30. Bb5 Rxf4 31. Kd1 Ra7 32. Bd7 Re4 33. Re1 Rxe1+ 34. Kxe1 1-0

[Event "Khanty-Mansiysk Governor Cup Rapid"]
[Site "Khanty-Mansiysk"]
[Date "2023.11.27"]
[Round "8"]
[White "Tsydypov, Zhamsaran"]
[Black "Nesterov, Arseniy"]
[Result "1/2-1/2"]
[WhiteElo "2548"]
[BlackElo "2597"]
[PlyCount "112"]
[EventDate "2023.11.26"]
[EventType "swiss (rapid)"]
[EventRounds "11"]
[EventCountry "RUS"]
[SourceTitle "CB49_2023"]
[SourceDate "2023.12.06"]
[SourceVersion "1"]
[SourceVersionDate "2023.12.06"]
[SourceQuality "1"]

1. e4 e5 2. Nf3 Nc6 3. Bb5 Nge7 4. c3 d5 5. d3 dxe4 6. Nxe5 Qd5 7. Nxc6 Qxb5 8. Nxe7 Bxe7 9. dxe4 Be6 10. Nd2 0-0-0 11. Qe2 Qc6 12. 0-0 Rhe8 13. Re1 f5 14. Qf3 Bg5 15. Nf1 Bxc1 16. Raxc1 fxe4 17. Rxe4 Bxa2 18. Rxe8 Rxe8 19. Qh3+ Kb8 20. Qxh7 Qf6 21. Ne3 Rf8 22. Qc2 Be6 23. Rd1 Bb3 24. Qxb3 Qxf2+ 25. Kh1 Qxe3 26. Qf7 Rc8 27. Qxg7 Qe2 28. Rg1 Qxb2 29. Qe5 b6 30. h4 a5 31. h5 a4 32. h6 a3 33. h7 a2 34. h8Q a1Q 35. Rxa1 Qxa1+ 36. Kh2 Rxh8+ 37. Qxh8+ Kb7 38. Qe5 Qb2 39. Kh3 Qf2 40. g4 Qf3+ 41. Kh4 Qh1+ 42. Kg5 Qf3 43. c4 c6 44. Qe7+ Ka6 45. Qe6 c5 46. Kg6 Ka5 47. g5 b5 48. cxb5 Kxb5 49. Kh6 c4 50. g6 Qf4+ 51. Kh7 Qh4+ 52. Kg8 c3 53. g7 Qd8+ 54. Kh7 Qh4+ 55. Kg6 Qg3+ 56. Kf7 Qc7+ 1/2-1/2